| 000 | 00489nam a22001697a 4500 | ||
|---|---|---|---|
| 999 |
_c40782 _d40782 |
||
| 003 | OSt | ||
| 005 | 20210104114523.0 | ||
| 008 | 191104b ||||| |||| 00| 0 eng d | ||
| 020 | _a9788192829548 | ||
| 040 | _coclc | ||
| 082 |
_a954 _bMEE/S |
||
| 100 |
_926 _aMeerakkutty P |
||
| 245 |
_aSabarimala Sree Ayyappanum Mattu Padanangalum / _cP Meerakkutty |
||
| 260 |
_aCalicut: _bHaritham Books, _c2018. |
||
| 300 | _a98p | ||
| 942 |
_2ddc _cBK _h954 _iMEE/S _k954 _mMEE/S |
||